<?xml version="1.0" encoding="UTF-8"?>
<record
    xmlns:xsi="http://www.w3.org/2001/XMLSchema-instance"
    xsi:schemaLocation="http://www.loc.gov/MARC21/slim http://www.loc.gov/standards/marcxml/schema/MARC21slim.xsd"
    xmlns="http://www.loc.gov/MARC21/slim">

  <leader>02874cam a22002895a 4500</leader>
  <controlfield tag="001">16219329</controlfield>
  <controlfield tag="005">20151017091711.0</controlfield>
  <controlfield tag="008">100504s2011    fluaf    b    001 0 eng  </controlfield>
  <datafield tag="020" ind1=" " ind2=" ">
    <subfield code="a">9781439801413 (hardback : alk. paper)</subfield>
  </datafield>
  <datafield tag="020" ind1=" " ind2=" ">
    <subfield code="a">143980141X (hardback : alk. paper)</subfield>
  </datafield>
  <datafield tag="040" ind1=" " ind2=" ">
    <subfield code="a">DNLM/DLC</subfield>
    <subfield code="b">eng</subfield>
    <subfield code="c">DLC</subfield>
    <subfield code="d">YDX</subfield>
    <subfield code="d">BTCTA</subfield>
    <subfield code="d">YDXCP</subfield>
    <subfield code="d">NLM</subfield>
    <subfield code="d">CDX</subfield>
    <subfield code="d">IG#</subfield>
    <subfield code="d">DLC</subfield>
    <subfield code="d">EG-ScBUE</subfield>
  </datafield>
  <datafield tag="082" ind1="0" ind2="4">
    <subfield code="a">610.28</subfield>
    <subfield code="b">NAN</subfield>
    <subfield code="2">22</subfield>
  </datafield>
  <datafield tag="245" ind1="0" ind2="0">
    <subfield code="a">Nanotechnology in tissue engineering and regenerative medicine /</subfield>
    <subfield code="c">edited by Ketul Popat.</subfield>
  </datafield>
  <datafield tag="260" ind1=" " ind2=" ">
    <subfield code="a">Boca Raton :</subfield>
    <subfield code="b">CRC Press / Taylor &amp; Francis Group,</subfield>
    <subfield code="c">c.2011.</subfield>
  </datafield>
  <datafield tag="300" ind1=" " ind2=" ">
    <subfield code="a">1 v. (various pagings) :</subfield>
    <subfield code="b">ill. (some col.) ;</subfield>
    <subfield code="c">26 cm.</subfield>
  </datafield>
  <datafield tag="504" ind1=" " ind2=" ">
    <subfield code="a">Includes bibliographical references and index.</subfield>
  </datafield>
  <datafield tag="505" ind1="8" ind2=" ">
    <subfield code="a">(Publisher-supplied data) AFM Lithography on Biomimetic Surfaces Albena Ivanisevic -- Nanofiber-Based Integrative Repair of Orthopaedic Soft Tissues Helen H. Lu, -- Polycaprolactone nanowires for controlling cell behavior at the biointerface Sarah L. Tao -- Electrospun Nanofibers for Neural Applications Treene Livingston Arinzeh -- Mixed Monolayer System of Mercaptobenzoic Acid and Polyethylene Glycol for pH Sensing: Surface-Enhanced Raman Scattering Studies Sandra Whaley Bishnoi -- Nano-enabled Platforms for Metastatic Malignant Melanoma Sadhana Sharma -- Immune Response to Implanted Nanostructured Materials Kristy M. Ainslie -- Enhanced Cell Growth, Function, and Differentiation by TiO2 Nanotube Surface Structuring S. Jin -- Electrospun Pseudo Poly (Amino Acids) for Tissue Engineering Applications Yang H. Yun -- Nanotechnologies for Peripheral Nerve Regeneration Dr. Xiaojun Yu, Ph.D. -- Nano-scale control of cell-substrate adhesion Tanmay P. Lele -- Nanofibrous Materials for Vascular Tissue Engineering and Regeneration Wei Tan -- Engineering Soft Nanostructures for Guided Cell Response Matt J. Kipper -- Nanoparticles-incorporated scaffolds for tissue engineering applications Kytai Truong Nguyen.</subfield>
  </datafield>
  <datafield tag="520" ind1=" " ind2=" ">
    <subfield code="a">"Referred to as "nanomedicine" or "nanobiomedicine," the application of nanotechnology to medicine can impact diagnosis, monitoring, and treatment of diseases as well as control and understanding of biological systems. Bringing together an unparalleled field of experts, this volume explores various aspects of nanotechnology and its applications in biomedical fields. The book uses an application-based approach to relate laboratory-based research to the development of technologies that can be readily adaptable to an industrial environment, focusing chiefly on drug delivery, tissue engineering, and regenerative medicine"--Provided by publisher.</subfield>
  </datafield>
  <datafield tag="650" ind1=" " ind2="7">
    <subfield code="a">Nanomedicine.</subfield>
    <subfield code="2">BUEsh</subfield>
    <subfield code="9">4192</subfield>
  </datafield>
  <datafield tag="650" ind1=" " ind2="0">
    <subfield code="a">Tissue engineering.</subfield>
    <subfield code="2">BUEsh</subfield>
  </datafield>
  <datafield tag="650" ind1=" " ind2="0">
    <subfield code="a">Regenerative medicine.</subfield>
    <subfield code="2">BUEsh</subfield>
  </datafield>
  <datafield tag="651" ind1=" " ind2=" ">
    <subfield code="2">BUEsh</subfield>
  </datafield>
  <datafield tag="653" ind1=" " ind2=" ">
    <subfield code="b">PPhrm</subfield>
    <subfield code="c">October2015</subfield>
  </datafield>
  <datafield tag="655" ind1=" " ind2=" ">
    <subfield code="v">Reading book</subfield>
    <subfield code="9">34232</subfield>
  </datafield>
  <datafield tag="700" ind1="1" ind2=" ">
    <subfield code="a">Popat, Ketul,</subfield>
    <subfield code="e">editor.</subfield>
  </datafield>
  <datafield tag="942" ind1=" " ind2=" ">
    <subfield code="2">ddc</subfield>
  </datafield>
  <datafield tag="999" ind1=" " ind2=" ">
    <subfield code="c">20925</subfield>
    <subfield code="d">20897</subfield>
  </datafield>
  <datafield tag="952" ind1=" " ind2=" ">
    <subfield code="0">0</subfield>
    <subfield code="1">0</subfield>
    <subfield code="2">ddc</subfield>
    <subfield code="4">0</subfield>
    <subfield code="7">0</subfield>
    <subfield code="8">Baccah</subfield>
    <subfield code="a">MAIN</subfield>
    <subfield code="b">MAIN</subfield>
    <subfield code="c">1ST</subfield>
    <subfield code="d">2015-10-15</subfield>
    <subfield code="e">Purchase</subfield>
    <subfield code="l">2</subfield>
    <subfield code="m">9</subfield>
    <subfield code="o">610.28 NAN</subfield>
    <subfield code="p">000039940</subfield>
    <subfield code="r">2025-07-15 00:00:00</subfield>
    <subfield code="s">2020-01-22</subfield>
    <subfield code="y">BB</subfield>
  </datafield>
</record>
